Archaeo-geology in Petra, Jordan
| Main Author: | |
|---|---|
| Contributors: | ; ; |
| Format: | Print Article |
| Language: | English |
| Check availability: | HBZ Gateway |
| Interlibrary Loan: | Interlibrary Loan for the Fachinformationsdienste (Specialized Information Services in Germany) |
| Published: |
1995
|
| In: |
Annual of the Department of Antiquities of Jordan
Year: 1995, Volume: 39, Pages: 281-295 |
| IxTheo Classification: | HH Archaeology |
| Further subjects: | B
Geology
B Petra |
MARC
| LEADER | 00000naa a22000002c 4500 | ||
|---|---|---|---|
| 001 | 1650175353 | ||
| 003 | DE-627 | ||
| 005 | 20190311192657.0 | ||
| 007 | tu | ||
| 008 | 190311s1995 xx ||||| 00| ||eng c | ||
| 035 | |a (DE-627)1650175353 | ||
| 035 | |a (DE-576)519022696 | ||
| 035 | |a (DE-599)BSZ519022696 | ||
| 040 | |a DE-627 |b ger |c DE-627 |e rakwb | ||
| 041 | |a eng | ||
| 084 | |a 1 |2 ssgn | ||
| 100 | 1 | |0 (DE-588)137353715 |0 (DE-627)592113620 |0 (DE-576)303200790 |4 aut |a Pflüger, Friedrich |d 1963- | |
| 109 | |a Pflüger, Friedrich 1963- | ||
| 245 | 1 | 0 | |a Archaeo-geology in Petra, Jordan |
| 264 | 1 | |c 1995 | |
| 336 | |a Text |b txt |2 rdacontent | ||
| 337 | |a ohne Hilfsmittel zu benutzen |b n |2 rdamedia | ||
| 338 | |a Band |b nc |2 rdacarrier | ||
| 650 | 0 | 7 | |0 (DE-588)4020227-6 |0 (DE-627)106318810 |0 (DE-576)20893247X |a Geologie |2 gnd |
| 651 | 7 | |0 (DE-588)4045379-0 |0 (DE-627)106201824 |0 (DE-576)209065117 |a Petra |2 gnd | |
| 652 | |a HH | ||
| 700 | 1 | |0 (DE-588)13889485X |0 (DE-627)606720588 |0 (DE-576)309491703 |4 oth |a Bīša, Ġāzī | |
| 700 | 1 | |a Zaghloul, Muna |4 oth | |
| 700 | 1 | |a Kehrberg, Ina |4 oth | |
| 773 | 0 | 8 | |i In |a Jordanien. Dā'irat al-Āṯār al-ʿĀmma |t Annual of the Department of Antiquities of Jordan |d Amman : [Verlag nicht ermittelbar], 1971 |g 39(1995), Seite 281-295 |w (DE-627)182601021 |w (DE-600)1220285-X |w (DE-576)045295271 |x 0449-1564 |7 nnas |
| 773 | 1 | 8 | |g volume:39 |g year:1995 |g pages:281-295 |
| 935 | |a BIIN | ||
| 951 | |a AR | ||
| BIB | |a 1 | ||
| ELC | |b 1 | ||
| ITA | |a 1 |t 1 | ||
| LOK | |0 000 xxxxxcx a22 zn 4500 | ||
| LOK | |0 001 3336040833 | ||
| LOK | |0 003 DE-627 | ||
| LOK | |0 004 1650175353 | ||
| LOK | |0 005 20190311192657 | ||
| LOK | |0 008 190311||||||||||||||||ger||||||| | ||
| LOK | |0 035 |a (DE-Tue135-1)83998 | ||
| LOK | |0 040 |a DE-Tue135-1 |c DE-627 |d DE-Tue135-1 | ||
| LOK | |0 852 |a DE-Tue135-1 | ||
| LOK | |0 852 1 |c FTHAT097723/39/PRF |m p |9 00 | ||
| LOK | |0 852 2 |b Z 4/30 |9 00 | ||
| LOK | |0 935 |a iZSA | ||
| LOK | |0 936ln |0 1442044187 |a HH | ||
| LOK | |0 938 |k p | ||
| LOK | |0 939 |a 11-03-19 |b l12 | ||
| ORI | |a SA-MARC-ixtheoa001.raw | ||
| STA | 0 | 0 | |a Geology |
| STB | 0 | 0 | |a Géologie |
| STC | 0 | 0 | |a Geología |
| STD | 0 | 0 | |a Geologia |
| STE | 0 | 0 | |a 地质学 |
| STF | 0 | 0 | |a 地質學 |
| STG | 0 | 0 | |a Geologia |
| STH | 0 | 0 | |a Геология |
| STI | 0 | 0 | |a Γεωλογία |
| SUB | |a BIB | ||
| SYE | 0 | 0 | |a Allgemeine Geologie,Geognosie,Dynamische Geologie |
| SYF | 0 | 0 | |a Batra,al Batrā',al- Batrā' |